| 000 | 00851nam a22002657a 4500 | ||
|---|---|---|---|
| 999 |
_c6575 _d6575 |
||
| 003 | AR-CdUCM | ||
| 008 | 190318b ||||| |||| 00| 0 spa d | ||
| 040 |
_aMUNICIPALIDAD PROVINCIAL DEL CUSCO _cBIBLIOTECA MUNICIPAL DEL CUSCO |
||
| 041 | _hita | ||
| 082 |
_a030 / _bL59 |
||
| 245 |
_aPanorama : _bLas Leyes de La Vida / |
||
| 260 |
_aBarcelona : _bMontaner y Simón. |
||
| 300 |
_a742 páginas ; _bFotografías, ilustraciones _c23cm |
||
| 440 |
_aColección de Enciclopedias Monográficas, Panorama _918520 |
||
| 505 | _aContenido: Biología | ||
| 650 |
_aSeres vivos _918533 |
||
| 650 |
_aCélulas _918534 |
||
| 650 |
_aPlantas _918535 |
||
| 650 |
_aAnimales _91620 |
||
| 650 |
_aBiología _9881 |
||
| 700 |
_aSamper, María (traducción) _918536 |
||
| 710 |
_aMontaner y Simón, S. A. _918524 |
||
| 942 |
_2ddc _cLIBROS |
||
| 945 | _anom | ||